000
00396nam a22001697a 4500
003
MPLRDC
005
20220104144024.0
008
210129b ||||| |||| 00| 0 eng d
082
_a
448.6 YH
100
_a
袁辉编译
245
_a
趣味电子小制作
_c
250
_a
初版
260
_a
_b
天津科技翻译
_c
1989
300
_b
平
650
_a
电子工程
942
_c
BK
_o
448.6 YH
999
_c
45619
_d
45609